| 000 -LEADER |
| fixed length control field |
00690nam a2200205Ia 4500 |
| 001 - CONTROL NUMBER |
| control field |
4401 |
| 003 - CONTROL NUMBER IDENTIFIER |
| control field |
GE_BSU |
| 008 - FIXED-LENGTH DATA ELEMENTS--GENERAL INFORMATION |
| fixed length control field |
181216s||||||||xx |||||||||||||| ||und|| |
| 040 ## - CATALOGING SOURCE |
| Transcribing agency |
GE_BSU |
| 080 ## - UNIVERSAL DECIMAL CLASSIFICATION NUMBER |
| Universal Decimal Classification number |
697(075.8)(035.3) |
| 100 ## - MAIN ENTRY--PERSONAL NAME |
| Personal name |
Лейв,Ж.Я. Либер,И.C. |
| 245 ## - TITLE STATEMENT |
| Title |
Справочная книга по санитарной технике(отопление,вентиляция,теплоснабжение). |
| 245 ## - TITLE STATEMENT |
| Statement of responsibility, etc. |
Под ред. Д.А.Мателенка. |
| 260 ## - PUBLICATION, DISTRIBUTION, ETC. |
| Place of publication, distribution, etc. |
М. |
| 260 ## - PUBLICATION, DISTRIBUTION, ETC. |
| Name of publisher, distributor, etc. |
Лениздат. |
| 260 ## - PUBLICATION, DISTRIBUTION, ETC. |
| Date of publication, distribution, etc. |
1966. |
| 300 ## - PHYSICAL DESCRIPTION |
| Extent |
438 стр. 27 см. |
| 653 ## - INDEX TERM--UNCONTROLLED |
| Uncontrolled term |
Справочная книга по санитарной технике. |
| 942 ## - ADDED ENTRY ELEMENTS (KOHA) |
| Koha item type |
წიგნი |